| Tag |
First Indicator |
Second Indicator |
Subfields |
| LEADER |
00000cam a22000005u 4500 |
| 001 |
in00002787532 |
| 005 |
20190331170718.0 |
| 006 |
m o d |
| 007 |
cr nn 008mam|a |
| 008 |
081009t2008 gw fo || 0 0 ||||| |
| 020 |
|
|
|a 9780784407820
|
| 035 |
|
|
|a (American Society of Civil Eng)10.1061/9780784407820
|
| 040 |
|
|
|d UtOrBLW
|
| 245 |
0 |
0 |
|a Geosynthetics Research and Development in Progress /
|c Edited by Robert M. Koerner, George R. Koerner, Y. Grace Hsuan, Marilyn V. Ashley.
|
| 264 |
|
1 |
|a Reston, VA :
|b American Society of Civil Engineers,
|c 2008.
|
| 300 |
|
|
|a 1 online resource.
|
| 336 |
|
|
|a text
|b txt
|2 rdacontent
|
| 337 |
|
|
|a computer
|b c
|2 rdamedia
|
| 338 |
|
|
|a online resource
|b cr
|2 rdacarrier
|
| 500 |
|
|
|a Electronic resource.
|
| 653 |
|
|
|a Proceedings
|a Geo-Institute (G-I)
|a Geotechnics
|a Geomaterials and geosynthetics
|a Hydraulic structures
|a Pavements
|
| 655 |
|
7 |
|a Electronic books.
|2 local
|
| 700 |
1 |
|
|a Koerner, Robert M.
|
| 700 |
1 |
|
|a Koerner, George R.
|
| 700 |
1 |
|
|a Hsuan, Y. Grace.
|
| 700 |
1 |
|
|a Ashley, Marilyn V.
|
| 730 |
0 |
|
|a ASCE Library.
|
| 856 |
4 |
0 |
|u http://proxy.library.tamu.edu/login?url=http://ascelibrary.org/action/showBook?doi=10.1061%2F9780784407820
|z Connect to the full text of this electronic book
|t 0
|
| 999 |
|
|
|a MARS
|
| 999 |
f |
f |
|s b680bb15-2775-3eb6-a816-3f01ef894c43
|i b3bc0971-d3bb-336a-82e9-ac617f8be72e
|t 0
|
| 952 |
f |
f |
|a Texas A&M University
|b College Station
|c Electronic Resources
|d Available Online
|t 0
|h No information provided
|
| 998 |
f |
f |
|t 0
|l Available Online
|